[Event "Your Next Move GCT 2018-Rapid"]
[Site "Leuven"]
[Date "2018.06.14"]
[Round "7"]
[White "Aronian, Levon"]
[Black "Karjakin, Sergey"]
[Result "0-1"]
[WhiteElo "2795"]
[BlackElo "2743"]
[Annotator "TA"]
[PlyCount "54"]
[EventDate "2018.??.??"]
[EventType "tourn"]
[EventCountry "BEL"]
[SourceTitle "playchess.com"]
[Source "ChessBase"]
[SourceQuality "1"]

{[%evp 18,54,18,22,18,5,6,0,2,0,34,0,0,1,12,2,33,22,34,0,42,35,38,-95,-12,-18,0,0,4,2,9,-242,-300,-29976,-29972,-3247,-2769,-1930,-1921]} 1. e4 e5 2. Nf3 Nc6 3. Bc4 Bc5 4. O-O Nf6 5. d3 d6 6. Re1 a6 7. c3 h6 8. Nbd2 O-O 9. Bb3 Ba7 10. Nf1 Re8 {C54: Giuoco Piano: 4 c3 Nf6, main lines with 5 d4 and 5 d3} (10... Be6 11. Bxe6 fxe6 12. Be3 Bxe3 13. Rxe3 Ne7 14. h3 Ng6 15. g3 Qd7 16. N1h2 Rf7 17. Qb3 b6 18. Rf1 {½-½ (59) Inarkiev,E (2686)-Vitiugov,N (2740) Sochi 2018}) 11. Ng3 Be6 12. Bc2 d5 {The position is equal.} 13. exd5 Bxd5 14. Be3 Bxe3 15. Rxe3 Qd7 16. h3 Re7 {[#]} 17. Qd2 $146 ({Predecessor:} 17. Nh4 g6 18. c4 Be6 19. Ba4 b5 20. Qf3 {1-0 (46) Degraeve,J (2580)-Arnaudov,P (2486) La Fere 2012}) 17... Rae8 18. Rae1 g6 (18... Bxf3 $5 19. Rxf3 e4 $11) 19. Nh4 Nh7 20. Nh5 (20. c4 $14 {keeps the upper hand.} Bxc4 21. Ngf5) 20... Kh8 (20... gxh5 21. Rg3+ Kh8 22. Qxh6 $16) (20... Bxa2 21. Rf3 $14) (20... Re6 $1 $17 21. Qd1 gxh5 22. Qxh5 Kh8) 21. d4 gxh5 22. Rg3 $1 $36 {[%mdl 2048] White is more active.} Re6 {[%cal Be7e6,Be6e1,Be1h1][%mdl 32] And now ...exd4 would win.} 23. dxe5 $1 {Strongly threatening c4!} Qd8 ({Weaker is} 23... Nxe5 {[#]} 24. Rxe5 $1 {[%mdl 512]} Bc6 25. Qf4 $18) ({Wrong is} 23... Rxe5 $2 24. Qxh6 $3 {[%mdl 512]} Rxe1+ 25. Kh2 $18) 24. Nf5 $2 {[%mdl 8192]} (24. c4 $11 Bxc4 25. Qf4) 24... Nxe5 $19 ({Don't take} 24... Bxa2 25. Nd4) 25. Rg7 $2 {[#]} (25. Rd1 $19 h4 26. Rg7) 25... Nf3+ $1 26. gxf3 Rxe1+ 27. Kh2 {[#]} Rh1+ $1 {[%mdl 512] Precision: White = 19%, Black = 44%.} 0-1

[Event "Your Next Move GCT 2018-Rapid"]
[Site "Leuven"]
[Date "2018.06.14"]
[Round "7"]
[White "Giri, Anish"]
[Black "Caruana, Fabiano"]
[Result "0-1"]
[WhiteElo "2779"]
[BlackElo "2753"]
[Annotator "TA"]
[PlyCount "86"]
[EventDate "2018.??.??"]
[EventType "tourn"]
[EventCountry "BEL"]
[SourceTitle "playchess.com"]
[Source "ChessBase"]
[SourceQuality "1"]

{[%evp 13,86,24,18,20,27,22,22,19,18,-18,-8,-23,0,0,0,0,0,0,0,0,0,0,0,0,0,0,0,-30,-18,-33,0,0,20,18,31,0,0,0,0,-44,-44,-44,-44,-44,-44,-89,-85,-68,-68,-100,-68,-128,-126,-302,-306,-310,-297,-411,-379,-429,-421,-416,-406,-436,-416,-845,-822,-1238,-1195,-2406,-2531,-29990,-29991,-29991,-29992]} 1. e4 e6 2. d4 d5 3. Nc3 Bb4 4. e5 Ne7 5. a3 {[%cal Ba2a3,Ba3a4][%mdl 32]} Bxc3+ 6. bxc3 b6 7. Qg4 Kf8 8. a4 {C16: French: 3 Nc3 Bb4 4 e5: Lines without ...c5} Ba6 9. Bxa6 Nxa6 10. Qe2 {The position is equal.} Nb8 {[%cal Ba6b8,Bb8c6,Bc6a5,Ba5c4][%mdl 32]} 11. a5 $146 ({Predecessor:} 11. Nf3 Nbc6 12. Ba3 Na5 13. Nd2 Kg8 14. O-O h5 15. Bxe7 Qxe7 {½-½ (34) Perunovic,M (2620)-Tratar,M (2495) Bad Gleichenberg 2013}) 11... Nbc6 12. axb6 cxb6 13. Nf3 Na5 14. O-O h6 15. Ba3 Kg8 16. Bb4 Nc4 17. Ra6 Qc8 18. Rfa1 Nc6 {White must now prevent ...N6a5.} 19. R6a2 $1 a5 20. Ba3 {[%cal Bb4a3,Ba3c1,Bc1d2][%mdl 32]} a4 21. Rb1 Kh7 22. Qd3+ $1 g6 23. Bc1 Kg7 24. Nd2 Nxd2 25. Bxd2 Qd7 26. Qf3 Na5 $1 {[%cal Bc6a5,Ba5c4,Bc4a3][%mdl 32]} 27. Qf6+ ({Avoid the trap} 27. Rxb6 $2 Nc4 $19) 27... Kg8 28. Bc1 Nc4 29. Ba3 Nxa3 30. Rxa3 b5 31. h4 h5 {[%cal Bh6h5,Bh5g4][%mdl 32]} 32. f4 (32. f3 $15) 32... Kh7 $17 33. g4 $2 {[#]} (33. Kf2 $17) 33... hxg4 $19 34. h5 gxh5 35. Rxb5 Rhg8 36. Rb4 Rg6 37. Qh4 Kg7 38. Kg2 Qc6 39. Qe7 {[#]} (39. Kf1 $142) 39... h4 $1 {[%mdl 512]} 40. Qxh4 Rh8 41. Qe7 g3 42. Rb7 Qc4 43. Qxf7+ Kh6 {Precision: White = 39%, Black = 83%.} 0-1

[Event "Your Next Move GCT 2018-Rapid"]
[Site "Leuven"]
[Date "2018.06.14"]
[Round "7"]
[White "Mamedyarov, Shakhriyar"]
[Black "Vachier-Lagrave, Maxime"]
[Result "1/2-1/2"]
[WhiteElo "2766"]
[BlackElo "2777"]
[Annotator "TA"]
[PlyCount "43"]
[EventDate "2018.??.??"]
[EventType "tourn"]
[EventCountry "BEL"]
[SourceTitle "playchess.com"]
[Source "ChessBase"]
[SourceQuality "1"]

{[%evp 16,43,5,0,0,-4,0,0,0,0,0,0,0,0,0,0,0,0,0,0,0,0,0,0,22,-7,0,0,0,0]} 1. d4 Nf6 2. c4 g6 3. Nf3 Bg7 4. g3 c6 5. Bg2 d5 6. Qb3 O-O 7. O-O Qb6 8. Nc3 Rd8 9. Bd2 {LiveBook: 7 Games. The position is equal. D78: Fianchetto Grünfeld: 6 0-0 c6} (9. h3 Bf5 10. Bf4 Na6 11. Qxb6 axb6 12. cxd5 Nxd5 13. Nxd5 Rxd5 14. Be5 Bxe5 15. dxe5 Be4 16. Rfd1 Bxf3 17. Bxf3 Rxe5 {0-1 (68) Li,C (2732)-Vachier Lagrave,M (2789) Riadh 2017}) 9... Bf5 10. Qa3 $146 ({Predecessor:} 10. Na4 Qxb3 11. axb3 Nbd7 12. Rfc1 Be4 13. Be1 Ne8 14. e3 Nd6 15. Bb4 a5 16. Be1 e6 {½-½ (76) Chandra,A (2464)-Zierk,S (2488) Saint Louis 2016}) 10... e6 11. e4 Nxe4 12. Nxe4 dxe4 13. Ba5 Qa6 14. Bxd8 Qxa3 $1 15. bxa3 {[#] Strongly threatening Ng5.} exf3 16. Bxf3 Nd7 17. Bg5 Bxd4 18. Rad1 e5 19. Rfe1 Nc5 20. Bf6 Nd7 21. Rxd4 exd4 22. Bxd4 1/2-1/2

[Event "Your Next Move GCT 2018-Rapid"]
[Site "Leuven"]
[Date "2018.06.14"]
[Round "8"]
[White "Nakamura, Hikaru"]
[Black "Anand, Viswanathan"]
[Result "1-0"]
[WhiteElo "2813"]
[BlackElo "2822"]
[Annotator "TA"]
[PlyCount "147"]
[EventDate "2018.??.??"]
[EventType "tourn"]
[EventCountry "BEL"]
[SourceTitle "playchess.com"]
[Source "ChessBase"]
[SourceQuality "1"]

{[%evp 11,147,14,24,0,10,5,9,0,0,0,21,-1,0,-8,0,0,0,-24,0,-57,45,17,37,38,52,27,16,16,69,68,67,74,62,68,60,61,73,70,73,62,73,73,73,73,76,73,117,117,117,117,117,117,117,117,117,117,125,118,153,153,153,153,153,153,164,164,161,149,149,0,153,153,153,153,153,153,153,153,153,153,145,145,207,199,271,264,258,248,240,233,237,194,199,127,189,175,201,175,178,170,170,0,170,0,191,133,109,109,162,0,202,202,281,275,285,321,303,304,350,347,325,320,495,483,468,466,760,746,746,653,1577,1399,1483,1419,1650,1621,1424,1343]} 1. e4 e5 2. Nf3 Nc6 3. Bb5 Nf6 4. d3 Bc5 5. Bxc6 dxc6 6. h3 {C65: Ruy Lopez: Berlin Defence (3...Nf6), unusual lines and 4 0-0 Bc5} (6. Qe2 Qe7 7. Nbd2 Bg4 8. h3 Bh5 9. a3 Nd7 10. b4 Bb6 11. Nc4 a5 12. Rb1 axb4 13. axb4 Ra2 {0-1 (52) Carlsen,M (2843)-Aronian,L (2764) Stavanger 2018}) 6... Qe7 {LiveBook: 5 Games} (6... Nd7 {with more complications.} 7. c3 O-O 8. O-O Bd6 9. Bg5 f6) 7. Nc3 h6 8. Be3 $146 {The position is equal.} ({Predecessor:} 8. Bd2 Bd6 9. Qe2 c5 10. Nd1 Be6 11. Ne3 Nd7 12. Bc3 f6 13. a4 Nb8 14. Nh4 {½-½ (62) Bergstrom,R (2355)-Greiff,H (2282) Sweden 2009}) 8... Bd6 9. Ne2 Be6 10. a3 Nd7 11. Qd2 c5 12. Qc3 a5 13. O-O O-O 14. g4 {[#]} h5 $1 {[%mdl 512]} 15. Nh2 (15. Ng3 $11) (15. gxh5 Bxh3) 15... Qh4 (15... b5 $15) 16. Kg2 $1 $14 hxg4 17. hxg4 Bxg4 18. Nxg4 Qxg4+ 19. Ng3 Qe6 (19... b5 $11) 20. Rh1 {[%mdl 1024] White has compensation.} f6 21. Nf5 {Kf3 is the strong threat.} Kf7 22. Rh7 {Hoping for Kf3.} Rg8 23. Rg1 $36 {[%mdl 2048] Black must now prevent Kf3. White has the initiative.} Nf8 24. Rh2 Ng6 25. Bxc5 Bxc5 26. Qxc5 Qc6 27. Qxc6 bxc6 28. Kf3 {aiming for Rh7.} Ne7 29. Nxe7 Kxe7 $16 {[%mdl 4096] Endgame KRR-KRR} 30. Rh7 Kf7 31. a4 $1 c5 32. Ke3 Rab8 33. b3 Rbe8 34. Kd2 Re7 35. Kc3 Ke6 36. Kc4 Kd6 37. Rg6 Rf7 38. f3 c6 39. Rh2 Rb8 40. Rh7 (40. Kc3 $16) 40... Rb4+ $2 (40... Rg8 $11) 41. Kc3 Rbb7 42. Rh8 Kc7 43. Rg8 Kb6 44. Kd2 Rbd7 45. Ke3 Rde7 46. Rg1 g5 (46... Ra7 $16 {was worth a try.} 47. Rh1 Rfe7) 47. Rg6 $18 Re8 {[#]} (47... c4 {might work better.} 48. bxc4 (48. dxc4 Kc5 $16) 48... Kc5) 48. Rh1 $1 Ref8 49. Kd2 c4 50. bxc4 Kc5 51. Rgh6 Rb8 {[#]} 52. Kc3 (52. Rh8 $1 $18 {[%cal Rh8b8]} Rb4 53. Ra1) 52... Rg8 (52... Rb4 $16) 53. Rb1 Rgf8 54. Kd2 Rd8 55. Ke3 Rdf8 56. Kd2 Rd8 $1 57. Kc3 Rdf8 $1 58. Rd1 (58. Rh5 $18) 58... Rb8 $16 59. Ra1 Rbf8 (59... Kd6 $16 60. Rg1 Kc5) 60. Rah1 $2 ({White should try} 60. Rb1 $18) 60... Kb6 $2 (60... Rg8 $1 $11 {and Black has nothing to worry.}) 61. Rh8 $18 Rxh8 62. Rxh8 {KR-KR} Kc5 63. Ra8 Kb6 64. Re8 Kc5 65. Re6 Kb6 66. Kd2 Kc5 (66... Kc7 $142 67. c5 Kd7 68. Rd6+ Kc7) 67. c3 {[%cal Bc2c3,Bc3d4,Bd4d5,Bd5d6][%mdl 32] White is clearly winning.} Rf8 68. Ke3 Rf7 (68... Kb6 $142 69. d4 exd4+ 70. cxd4 Kc7) 69. d4+ exd4+ 70. cxd4+ Kxc4 71. Rxc6+ Kb4 72. d5 Kxa4 73. Rb6 Ka3 74. d6 {Precision: White = 68%, Black = 48%.} 1-0

[Event "Your Next Move GCT 2018-Rapid"]
[Site "Leuven"]
[Date "2018.06.14"]
[Round "8"]
[White "Grischuk, Alexander"]
[Black "Mamedyarov, Shakhriyar"]
[Result "1/2-1/2"]
[WhiteElo "2783"]
[BlackElo "2766"]
[Annotator "TA"]
[PlyCount "240"]
[EventDate "2018.??.??"]
[EventType "tourn"]
[EventCountry "BEL"]
[SourceTitle "playchess.com"]
[Source "ChessBase"]
[SourceQuality "1"]

{[%evp 20,240,38,32,40,36,41,38,55,57,62,35,44,23,36,27,46,50,78,71,73,61,68,50,60,50,66,66,81,70,80,47,64,41,61,58,53,58,60,15,160,159,165,168,164,164,168,164,162,159,146,109,103,114,155,105,103,83,83,83,83,83,116,120,118,118,131,130,132,0,120,118,127,122,114,58,58,0,0,0,72,72,79,72,72,72,106,106,113,97,117,97,98,91,103,99,98,98,107,103,108,100,121,121,121,121,121,101,133,53,94,102,154,121,227,156,244,244,385,243,242,0,368,0,242,235,242,235,220,216,154,0,154,154,210,154,1140,1078,1060,951,931,154,154,0,559,154,406,154,154,8,8,8,8,8,8,8,29965,29968,29964,29968,29972,29973,29971,29971,29971,29972,29971,29974,29971,29971,29969,29970,29978,29979,29978,29978,29975,29976,29976,29974,29974,29975,29975,29976,29976,29977,29976,29976,29976,29977,29977,29978,29978,29977,29977,0,29976,29977,29979,29979,29979,29978,29978,29975,29975,29976,29975,29974,29975,34,64,8,8,8,8,0,8,8,8,8,8,8,8]} 1. e4 e5 2. Nf3 Nc6 3. Bb5 a6 4. Ba4 Nf6 5. O-O Be7 6. Re1 d6 7. c3 Bg4 8. d3 Nd7 9. Bc2 {C87: Closed Ruy Lopez: Steinitz-type lines after 6 Re1 d6} O-O 10. Nbd2 Bg5 11. h3 {LiveBook: 3 Games. White is slightly better.} Bxf3 12. Nxf3 Bxc1 13. Rxc1 {[#]} Qf6 $146 ({Predecessor:} 13... Ne7 14. d4 Ng6 15. g3 Qf6 16. Kg2 Rad8 17. Qd2 b5 {½-½ (42) Pavlovic,M (2477)-Onischuk,A (2676) Dallas 2012}) 14. d4 Rad8 15. a3 Ne7 16. Nh2 c5 {[%cal Re5d4]} 17. Ng4 Qg5 18. dxc5 Nxc5 19. Ne3 h5 20. Re2 Rd7 21. Rd2 Rfd8 22. Rb1 Ne6 23. Qf3 g6 24. Rbd1 Kg7 25. Kh2 b5 26. Bb3 Qf6 27. Qxf6+ Kxf6 28. h4 a5 29. Bc2 Nc7 (29... Kg7 $11) 30. a4 $16 {[%cal Ba3a4,Ba4a5][%mdl 32]} b4 31. cxb4 axb4 32. a5 $1 Ne6 33. Ba4 Ra7 34. Rxd6 Rxa5 35. Bb3 ({Don't play} 35. Rxd8 $6 Nxd8 36. Rxd8 Rxa4 $16) 35... Rxd6 36. Rxd6 Rc5 37. Rb6 Nc6 38. Nd5+ Kg7 39. Nxb4 Nxb4 40. Bxe6 {[%mdl 4096] Endgame And now Rb7 would win. KRB-KRN} Nc6 41. Bd5 Ne7 42. Bb3 f5 43. Rb7 Kf6 44. Rb6+ Kg7 $1 45. Re6 Ng8 46. exf5 gxf5 47. Bd1 (47. f3 $16) 47... Nf6 $14 48. b4 ({White should play} 48. f3 $14) 48... Rd5 $11 49. Be2 Rd4 (49... e4 $11 {remains equal.}) 50. Rxe5 $16 Rxh4+ 51. Kg1 Rxb4 52. Rxf5 Kg6 53. Bd3 Rb3 54. Rd5+ Kg7 55. Rd4 Ra3 56. g3 Ra2 57. Bf5 Ra5 58. Bh3 Ra1+ 59. Kg2 Ra2 60. Be6 Re2 61. Bf5 Re5 62. Bd3 Ra5 63. Rb4 Ra7 64. Rb6 ({Better is} 64. Kh3 $16) 64... Rd7 65. Bb1 Rc7 (65... Rd2 $142) 66. Kh3 Rd7 (66... Rc1 $16 67. Rb7+ Kh6) 67. Kh4 Rd4+ (67... Rd1 $16 {was worth a try.} 68. Rb7+ Kh6) 68. f4 $1 $18 Rc4 (68... Rd5 {might work better.} 69. Rb7+ Kh6) 69. Rb7+ Kh6 70. Rb6 (70. Rf7 $142 $1 {[%cal Rf7f6]} Rc6 71. Kh3) 70... Kg7 71. Rb7+ Kh6 72. Rf7 $1 {[%cal Rf7f6]} Rc6 73. Bf5 Ra6 74. Bd3 Rd6 75. Bf5 Ra6 $1 76. Rb7 Ra1 (76... Rd6 $16 77. Rf7 Rb6) 77. Kh3 Rh1+ $2 (77... Rc1 $16 78. Rf7 Rc6) 78. Kg2 Ra1 79. Rf7 Ra6 80. Bd3 $2 (80. Kf3 $18 {aiming for Ke2.} Rc6 81. Ke2) 80... Rd6 $16 81. Bf5 $2 (81. Kh3 $16) 81... Ra6 $1 $18 82. Kh3 $2 (82. Kf3 $18 {is more deadly. Hoping for Ke2.} Rb6 83. Ke3) 82... Rb6 $2 (82... Rc6 $16 83. Kg2 Ra6) 83. Re7 $2 (83. Kh2 $1 $18 {and the rest is easy.}) 83... Rb5 84. Re5 (84. Bd3 $16 Rb3 85. Rf7) 84... Rxe5 $1 $11 85. fxe5 {KB-KN} Nd5 86. Kh4 Ne3 $1 {[%cal Re3f5]} 87. Be4 {Threatens to win with e6.} Ng4 $2 {[%mdl 8192]} (87... Nc4 $11) 88. e6 Kg7 89. Kg5 Kf8 90. Bf3 Ne5 91. Bxh5 Ke7 92. Kf5 Nc6 93. Bf7 Nd4+ 94. Ke5 Nf3+ 95. Kf4 Nd4 96. g4 {[%cal Bg3g4,Bg4g5][%mdl 32]} Kf6 97. g5+ Ke7 {[#]} 98. Kg4 $1 {[%cal Rg4h5]} Kf8 99. Kh4 Nf5+ 100. Kh5 Kg7 101. Bg6 Ne7 102. Be4 Nc8 103. Kg4 Kf8 104. Kf4 Ke7 105. Ke5 Nd6 106. Bd3 Ne8 107. Be4 $2 (107. Bc4 Nd6 108. Bd5 Ne8 109. g6 Ng7 110. Bb3 Ne8 111. Kf5 Nf6 112. g7) 107... Ng7 $2 {[%mdl 8192]} (107... Nd6 $11) 108. Bd5 Ne8 109. Bb3 Ng7 110. Bc4 Ne8 111. Be2 Nc7 {[#]} 112. Bg4 $1 Ne8 113. Bh5 Nd6 114. Bg6 $2 (114. Be2 {mates} Ne8 115. Bc4 Nd6 116. Be2 Ne8 117. Bc4 Nd6 118. Be2) 114... Nc4+ $14 115. Kd4 (115. Kd5 $14 Nb6+ 116. Kc6) 115... Nd2 $1 $11 {The position is equal.} 116. Ke3 Nc4+ 117. Kd4 Nd2 $1 118. Bh5 {g6 is the strong threat.} Kxe6 119. Kd3 {Black must now prevent g6.} Nf3 120. Bg4+ Ke5 {Precision: White = 51%, Black = 56%.} 1/2-1/2

[Event "Your Next Move GCT 2018-Rapid"]
[Site "Leuven"]
[Date "2018.06.14"]
[Round "8"]
[White "Vachier-Lagrave, Maxime"]
[Black "Giri, Anish"]
[Result "1-0"]
[WhiteElo "2777"]
[BlackElo "2779"]
[Annotator "TA"]
[PlyCount "101"]
[EventDate "2018.??.??"]
[EventType "tourn"]
[EventCountry "BEL"]
[SourceTitle "playchess.com"]
[Source "ChessBase"]
[SourceQuality "1"]

{[%evp 29,101,2,2,0,0,0,0,0,0,-2,62,58,56,37,54,-10,8,0,0,0,0,0,0,0,0,0,0,0,35,37,177,171,334,327,340,333,310,316,359,352,342,258,282,169,484,467,398,308,671,671,671,671,658,635,658,658,512,491,683,576,691,700,585,550,1463,1678,1645,724,3725,2573,6389,6075,6064,5851]} 1. c4 e6 2. Nc3 d5 3. d4 Nf6 4. cxd5 Nxd5 5. e4 Nxc3 6. bxc3 c5 7. Nf3 cxd4 8. cxd4 Bb4+ 9. Bd2 Bxd2+ 10. Qxd2 O-O 11. Bc4 Nd7 12. O-O b6 13. Rfe1 Bb7 14. Rad1 Rc8 {D41: Damengambit (Verbesserte Tarrasch-Verteidigung)} 15. Bb3 Re8 {LiveBook: 26 Partien} 16. h4 (16. h3 Nf6 17. Qf4 Nh5 18. Qe5 Nf6 19. Qf4 Nh5 20. Qh2 h6 21. d5 exd5 22. exd5 Rxe1+ 23. Nxe1 {½-½ (57) So,W (2799)-Kramnik,V (2800) Berlin 2018}) 16... h6 {Die Stellung ist ausgeglichen.} 17. Qf4 Qc7 {[#]} 18. Qxc7 $146 ({Vorgänger:} 18. Qe3 Nf6 19. Rc1 Qe7 20. Nd2 Qb4 21. f3 Red8 22. Rxc8 Rxc8 {0-1 (76) Melkumyan,H (2619)-Grigoryan,A (2614) Bastia 2011}) 18... Rxc7 19. d5 Nc5 ({Lieber} 19... exd5 $11 20. exd5 Rcc8) 20. d6 $14 Rd7 21. Bc4 (21. Ne5 $5 {[%cal Re5d7]} Rdd8 22. f3 $14) 21... a6 22. e5 (22. Ne5 $14) 22... b5 $36 {[%mdl 2048] Schwarz hat Initiative.} 23. Be2 f6 $1 24. Rc1 Rc8 25. Rc2 {Und Tec1 würde nun gewinnen.} Na4 26. Rxc8+ Bxc8 27. Nd4 {Tc1 ist eine echte Drohung.} fxe5 28. Nxb5 axb5 29. Bxb5 Ra7 {[#]} (29... Rxd6 $14 30. Bxa4 Rd4) 30. Rc1 $1 $18 {[%cal Rc1c8]} Nb6 $2 {[#]} (30... Bd7 {war einen Versuch wert.} 31. Rc7 Bxb5 32. Rxa7 Kf8) 31. Rxc8+ $1 {[%mdl 512]} Nxc8 32. d7 Rxd7 33. Bxd7 {[%mdl 4096] Endspiel KL-KS} Nb6 34. Bxe6+ Kf8 35. Bb3 Ke7 36. f3 (36. h5 $142) 36... Kd6 $2 (36... g5 {leistet mehr Widerstand.} 37. Kh2 Nd7) 37. Kf2 Nd7 38. Ke3 Nc5 $2 (38... Nf6 39. Bf7 Ke7) 39. h5 {Weiß steht klar auf Gewinn.} Nd7 40. a4 Nf6 41. g4 Kc5 42. Kd3 Kb4 43. Bc2 Kc5 44. Kc3 Nd5+ 45. Kb3 Nf4 46. Be4 Ne2 47. a5 Nd4+ 48. Kc3 Kb5 49. a6 Kxa6 50. Kc4 Kb6 51. Kd5 {Precision: Weiß = 77%, Schwarz = 34%.} 1-0

[Event "Your Next Move GCT 2018-Rapid"]
[Site "Leuven"]
[Date "2018.06.14"]
[Round "8"]
[White "So, Wesley"]
[Black "Karjakin, Sergey"]
[Result "1/2-1/2"]
[WhiteElo "2763"]
[BlackElo "2743"]
[Annotator "TA"]
[PlyCount "61"]
[EventDate "2018.??.??"]
[EventType "tourn"]
[EventCountry "BEL"]
[SourceTitle "playchess.com"]
[Source "ChessBase"]
[SourceQuality "1"]

{[%evp 14,61,20,20,15,24,16,22,14,12,22,15,15,12,18,12,12,14,15,12,16,11,18,17,11,10,13,9,15,0,0,0,0,0,0,0,0,0,0,0,0,0,0,0,0,0,0,0,0,0]} 1. Nf3 d5 2. g3 g6 3. Bg2 Bg7 4. d4 Nf6 5. c4 dxc4 6. Na3 c5 7. O-O O-O 8. dxc5 c3 {D77: Fianchetto Grünfeld: 6 0-0: Replies other than 6...c6} 9. Nb5 Na6 10. Nxc3 {The position is equal.} Nxc5 11. Be3 {[#] aiming for Qxd8.} Nce4 12. Nxe4 Nxe4 13. Bd4 Bxd4 14. Qxd4 Qxd4 15. Nxd4 Nd6 16. Rfc1 {[#]} Rd8 $146 17. f4 Bg4 18. h3 Bd7 19. Rc7 Rac8 20. Rac1 Kf8 21. e4 f6 22. e5 (22. g4 {is interesting.} Nf7 23. Kf2 Rxc7 24. Rxc7 Bxg4 25. hxg4 Rxd4 26. Rxb7 Rd2+ 27. Kg3) 22... fxe5 23. fxe5 Nf5 24. Nxf5 Bxf5 25. Bxb7 Rxc7 26. Rxc7 $11 {KRB-KRB} Rd2 27. Bg2 Rxb2 28. Rxa7 Rb1+ 29. Kf2 Rb2+ 30. Kg1 Rb1+ 31. Kf2 {Precision: White = 79%, Black = 90%.} 1/2-1/2

[Event "Your Next Move GCT 2018-Rapid"]
[Site "Leuven"]
[Date "2018.06.14"]
[Round "8"]
[White "Caruana, Fabiano"]
[Black "Aronian, Levon"]
[Result "0-1"]
[WhiteElo "2753"]
[BlackElo "2795"]
[Annotator "TA"]
[PlyCount "72"]
[EventDate "2018.??.??"]
[EventType "tourn"]
[EventCountry "BEL"]
[SourceTitle "playchess.com"]
[Source "ChessBase"]
[SourceQuality "1"]

{[%evp 18,72,16,0,18,0,0,-14,-16,-2,-5,-10,-13,-8,0,-9,0,-13,-10,-12,0,-29,-31,-23,20,23,21,-8,0,-40,-41,-29,-25,-33,-27,-31,-34,-28,-33,-42,-50,-79,-77,-78,-48,-153,-179,-161,-116,-443,-436,-882,-868,-1264,-657,-1231,-1220]} 1. e4 e5 2. Nf3 Nc6 3. Bb5 Nf6 4. d3 Bc5 5. c3 d5 (5... O-O 6. O-O d6 7. h3 Bb6 8. Nbd2 Ne7 9. Re1 c6 10. Ba4 Ng6 11. Nf1 d5 12. Ng3 dxe4 13. Nxe4 Nxe4 14. dxe4 Be6 15. Bb3 {½-½ (29) Anand,V (2760)-Carlsen,M (2843) Stavanger 2018}) 6. Nbd2 {C65: Ruy Lopez: Berlin Defence (3...Nf6), unusual lines and 4 0-0 Bc5} O-O 7. O-O dxe4 8. dxe4 a5 9. a4 Qe7 10. h3 {LiveBook: 3 Games} Ne8 $146 ({Predecessor:} 10... Nb8 11. Re1 h6 12. Qc2 Rd8 13. Nf1 {1-0 (45) Gopal,G (2580)-Gupta,A (2625) Pardubice 2017}) 11. Re1 Nd6 12. Bd3 Be6 13. Nf1 f6 14. Be3 Bxe3 15. Nxe3 Qf7 16. Qe2 Rfd8 17. Red1 Ne7 {[%cal Bc6e7,Be7c8,Bc8b6,Bb6c4][%mdl 32]} 18. h4 Nec8 19. Bc2 Nb6 20. Nd2 Nbc4 21. Ndxc4 Nxc4 22. Nd5 (22. Nf5 {is interesting.} b6 23. Bb3 h6 24. h5 Kh7 25. Ba2) 22... Bxd5 23. exd5 Nd6 24. c4 b6 25. Ra3 f5 {[%cal Bf6f5,Bf5f4,Bf4f3][%mdl 32]} 26. Rc3 e4 27. c5 bxc5 28. Rxc5 Re8 29. Rc1 Re7 30. Bd1 f4 31. Qe1 (31. Qh5 $15) 31... f3 $17 32. R1c3 Rf8 33. Qf1 $2 {[%mdl 8192] [#]} (33. Rxa5 $17 {is a better chance.} e3 34. Bxf3 exf2+ 35. Qxf2) 33... Qg6 $19 {Black is clearly winning.} 34. Kh2 (34. Re3 $142 Nf5 35. h5) 34... Qg4 35. Rxc7 Qxh4+ 36. Kg1 Re5 {Precision: White = 30%, Black = 68%.} 0-1

[Event "Your Next Move GCT 2018-Rapid"]
[Site "Leuven"]
[Date "2018.06.14"]
[Round "9"]
[White "Anand, Viswanathan"]
[Black "So, Wesley"]
[Result "1/2-1/2"]
[WhiteElo "2822"]
[BlackElo "2763"]
[Annotator "TA"]
[PlyCount "44"]
[EventDate "2018.??.??"]
[EventType "tourn"]
[EventCountry "BEL"]
[SourceTitle "playchess.com"]
[Source "ChessBase"]
[SourceQuality "1"]

{[%evp 11,44,-12,11,-29,-25,-29,-28,-27,-11,-18,-13,-24,-12,-18,-23,-15,-13,-26,-4,-6,0,-5,-4,-52,-49,-49,-49,-52,-52,-52,-52,-55,-50,-56,-47]} 1. e4 e6 2. d4 d5 3. exd5 exd5 4. Nf3 Bd6 5. Bd3 Nc6 {[%cal Bb8c6,Bc6b4,Bb4d3][%mdl 32]} 6. Nc3 {C01: French: Exchange Variation} (6. O-O Nge7 7. Nc3 a6 8. Re1 Nb4 9. Bg5 f6 10. Bh4 Bg4 11. h3 Bh5 12. a3 Nxd3 13. Qxd3 O-O 14. Bg3 Bxg3 15. fxg3 Qd6 16. g4 Bg6 17. Qd2 Rae8 18. Re3 h5 19. Nh4 Qf4 20. Rae1 Qg5 21. Nf3 {1-0 (21) So,W (2810)-Bluebaum,M (2646) Tbilisi 2017}) 6... Nge7 {LiveBook: 8 Games} 7. h3 Nb4 $1 8. Nb5 {Black has an edge.} Nxd3+ 9. Qxd3 Bf5 $146 ({Predecessor:} 9... c6 10. Nxd6+ Qxd6 11. c3 Bf5 12. Qe2 O-O-O 13. Qe5 {0-1 (31) Rodriguez Morilla,J (1301)-Balbuena Fuentes,M (1850) Islantilla 2012}) 10. Qc3 O-O 11. O-O c6 12. Nxd6 Qxd6 13. Re1 Rfe8 14. Bg5 Ng6 15. Nh4 Nxh4 16. Bxh4 Qg6 17. Qg3 (17. Rac1 {looks sharper.} h5 18. Kh2 a5 19. Bg3 a4 20. f3) 17... Qxg3 {Black is slightly better.} 18. Bxg3 Bxc2 19. f3 f6 20. Rxe8+ Rxe8 21. Re1 Rxe1+ 22. Bxe1 Bb1 {Precision: White = 60%, Black = 50%.} 1/2-1/2